Obálka Náhled e-knihy:
Epub
Pro půjčování e-knih musíte být přihlášeni.
Jak si půjčit online?

Dotek břečťanu /

Ema je právnička a po odhalení rodinných pravd se jí zhroutil svět. Hledá únik v adrenalinu a černým humorem maskuje prázdnotu a vnitřní bolest. Martin je elitní policista zásahové jednotky a skrývá stíny minulosti. Když potká Emu, uzavřou dohodu bez závazků: jen tělo a žádné city. Čím víc se však s...

Celý popis

Uloženo v:
Série:Zapomněnky, část 3
Hlavní autor: Green, Ivy (Autor)
Médium: E-kniha
Jazyk:Czech
Vydáno: Praha : Petra Nachtmanová, 2026
Příbuzné jednotky:Z cyklu:: Zapomněnky
Tagy:
Žádné tagy
LEADER 01425nam a22002417i 4500
001 299258
007 ta
008 260428s2026 xr ||||| |||| 00| 0 cze d
020 |a 9990004264946 
044 |a xr 
100 1 |a  Green, Ivy  |4 aut 
245 1 0 |a Dotek břečťanu /  |c  Green, Ivy 
264 1 |a Praha :  |b Petra Nachtmanová,  |c 2026 
300 |a 1 online zdroj (226 stran) 
336 |a text  |b txt  |2 rdacontent 
337 |a bez média  |b n  |2 rdamedia 
338 |a online zdroj  |b cr  |2 rdacarrier 
520 2 |a Ema je právnička a po odhalení rodinných pravd se jí zhroutil svět. Hledá únik v adrenalinu a černým humorem maskuje prázdnotu a vnitřní bolest. Martin je elitní policista zásahové jednotky a skrývá stíny minulosti. Když potká Emu, uzavřou dohodu bez závazků: jen tělo a žádné city. Čím víc se však snaží udržet odstup, tím rychleji se domluvená pravidla rozpadají. Mít kontrolu nad koncem je někdy méně děsivé než doufat v budoucnost... 
787 0 8 |g 3  |i Z cyklu:  |t Zapomněnky 
910 |a RBIT002 
998 |d 426494  |a https://core.palmknihy.cz/api/books/426494/cover?te1les  |b https://core.palmknihy.cz/api/books/426494/cover/400?te1les  |c https://core.palmknihy.cz/api/books/426494/cover/50?te1les  |e   |g 226  |i 9990004264946  |j https://core.palmknihy.cz/api/books/426494/preview.epub  |l   |q 49  |r 1  |s https://www.palmknihy.cz/kniha/426494  |t ebook  |y 2026  |z 1  |v Zapomněnky  |w 3 
999 |d 299256